000 00816nam a22002657a 4500
003 CHAP
005 20220329134318.0
008 971013s1983 r 00010 d
010 _a18567
011 _a19539
035 _a23624
040 _cCHAP
090 _aFolleto 9405
100 0 0 _aAlexander, V. Thomas.
_93833
245 _aVarietal resistance studies for hartrot disease of coconuts
260 _aParamaribo :
_bAgricultura Experimental Station,
_c(1983?)
300 _a5 p
590 _aBATCH-UPD
_b10
_c20130110
_lUCH01
_h0055
590 _aBATCH-UPD
_b10
_c20130110
_lUCH01
_h2134
590 _aCONVERSION
_b10
_c20130109
_lUCH01
_h1311
650 1 4 _aCoco
_xVariedades resistentes a enfermedades.
_924272
901 _aBK
942 _cFOLL
949 _aFolleto 9405
_bBC
_cFOLL
_d-54878
_eTS1
_i23624
_mD
_si
999 _c18567
_d18567